EVA valor económico agregado (Registro nro. 6942)

Detalles MARC
000 -LEADER
fixed length control field 01494 a2200301 4500
001 - CONTROL NUMBER
control field 60373
005 - DATE AND TIME OF LATEST TRANSACTION
control field 20260407155854.0
008 - FIXED-LENGTH DATA ELEMENTS--GENERAL INFORMATION
fixed length control field 260407a1999 arg spa d
003 - CONTROL NUMBER IDENTIFIER
control field AR-UNSa-BCEJYS
040 ## - CATALOGING SOURCE
Original cataloging agency AR-UNSa-BCEJYS
Language of cataloging spa
Transcribing agency AR-UNSa-BCEJYS
080 ## - UNIVERSAL DECIMAL CLASSIFICATION NUMBER
Universal Decimal Classification number 658.15
Common auxiliary subdivision Administración financiera privada. Gestión financiera de empresas<br/>
020 ## - INTERNATIONAL STANDARD BOOK NUMBER
International Standard Book Number 958-04-5547-3
041 ## - LANGUAGE CODE
Language code of text/sound track or separate title spa
100 1# - MAIN ENTRY--PERSONAL NAME
Personal name Amat, Oriol
245 10 - TITLE STATEMENT
Title EVA valor económico agregado
Name of part/section of a work Un nuevo enfoque para optimizar la gestión empresarial, motivar a los empleados y crear valor
264 #1 - PRODUCTION, PUBLICATION, DISTRIBUTION, MANUFACTURE, AND COPYRIGHT NOTICE
Place of production, publication, distribution, manufacture Bogotá :
Name of producer, publisher, distributor, manufacturer Grupo Editorial Norma
Date of production, publication, distribution, manufacture, or copyright notice 1999
300 ## - PHYSICAL DESCRIPTION
Extent 170 p.
Dimensions 23 cm.
505 ## - FORMATTED CONTENTS NOTE
Formatted contents note 1. Introducción - 2. Los indicadores tradicionales de la creación de valor para el accionista y de la gestión de los directivos – 3. El valor económico agregado – 4. El UAIDI: Utilidades antes de intereses y después de impuestos – 5. El valor contable del activo – 6. El costo promedio de capital – 7. Casos prácticos – 8. El valor de mercado agregado – 9. La fijación de incentivos y la motivación de los empleados – 10. El EVA y el cuadro de mando integral
590 ## - LOCAL NOTE (RLIN)
Local note niveau_biblio:m niveau_hierar:0
700 1# - ADDED ENTRY--PERSONAL NAME
Personal name Aguilà, Santiago
700 1# - ADDED ENTRY--PERSONAL NAME
Personal name Blake, John
700 1# - ADDED ENTRY--PERSONAL NAME
Personal name Falguera, Jordi de
700 1# - ADDED ENTRY--PERSONAL NAME
Personal name Prat, Noemí
700 1# - ADDED ENTRY--PERSONAL NAME
Personal name Puig, Xavier
700 1# - ADDED ENTRY--PERSONAL NAME
Personal name Wraith, Phil
856 41 - ELECTRONIC LOCATION AND ACCESS
Uniform Resource Identifier <a href="https://www.biblioeco.unsa.edu.ar/pmb/images/libros/L129128.jpg">https://www.biblioeco.unsa.edu.ar/pmb/images/libros/L129128.jpg</a>
Link text Imagen de portada
Electronic format type image/jpeg
942 ## - ADDED ENTRY ELEMENTS (KOHA)
Koha item type
Existencias
Withdrawn status Lost status Damaged status Not for loan Home library Current library Shelving location Date acquired Total checkouts Full call number Barcode Date last seen Price effective from Koha item type
        Biblioteca Prof. Eusebio Cleto del Rey Biblioteca Prof. Eusebio Cleto del Rey   07/04/2026   658.15 A487e L129128 07/04/2026 07/04/2026 Libro